000 00363nam a2200133Ia 4500
008 240624s9999 xx 000 0 und d
041 _aeng
082 _a658.3124 NOO
100 _aNOOTEBOOM BART
245 _aCOGNITIVE THEORY OF THE FIRM LEARNING GO
260 _c2009
_aUnited Kingdom
_bEdward Elgar
300 _axiv, : 280 : p. : cm. ; 24
365 _cGBP
_b30
999 _c27545
_d27545